000 00823nam a2200205Ia 4500
003 Ost
005 20260507075734.0
008 260507s9999||||xx |||||||||||||| ||und||
040 _cfsecg
041 _aara
082 _a658.3
100 _aنصر الله، حنا
_eمؤلف
245 0 _aإدارة الموارد البشرية /
_c حنا نصر الله
260 _aعمان:
_bدار زهران,
_c2002
300 _a405 صفحة؛
_bإيضاحات ؛
_c24 سم
520 _aأبعاد وظيفة إدارة العنصر البشري،التوظيف في المنشآت،تنمية القوى العاملة،سياسات التعويضات والأجور والمنافع،إدارة العلاقات الصناعية
653 _aإدارة الأفراد
653 _aالأجور
942 _cكتاب
999 _c46069
_d46069